Score 0/7 Timer 03:00
2 Plays Today
Question Answer Wrong Answers
This British writer, known for his detective fiction featuring Sherlock Holmes, is born.
1859
Arthur Conan Doyle
93.7%
Edgar Allan Poe
1.5%
Robert Louis Stevenson
2.4%
Jules Verne
1.5%
This famous fountain in Rome is officially completed and inaugurated by Pope Clemens XIII.
1762
Trevi Fountain
88.3%
Roman Forum
2.2%
The Fountains of Bellagio
6.1%
Fountain of Wealth
3.4%
Ceylon adopts a new constitution, changes its name to ______, and joins the Commonwealth of Nations.
1972
Sri Lanka
78.1%
Malta
7.9%
Maldives
5.9%
Madagascar
4.6%
Ireland becomes the first nation in the world to legalize this in a public referendum.
2015
Gay Marriage
63.9%
Marijuana
24.9%
E-cigarettes
4.7%
Automatic Firearms
2%
The Burmese military regime jails 71 supporters of this politician in a bid to block a pro-democracy meeting.
1996
Aung San Suu Kyi
60.4%
Rigoberta MenchĂș
10.6%
Corazon Aquino
14.3%
Malala Yousafzai
10.6%
Lyndon B. Johnson launches this, a set of domestic programs aimed at eliminating poverty and racial injustice.
1964
The Great Society
51.3%
The New Deal
19.8%
The Square Deal
12.4%
Freedom Initiative
13.5%
Germany and Italy sign this agreement, which establishes a military and political alliance.
1939
Pact of Steel
21.5%
Pact of Iron
10.2%
Pact of Fascists
2.4%
Axis Pact
64.2%
Remove Ads.
Support Sporcle.
Get the best of Sporcle when you Go Orange. This ad-free experience offers more features, more stats, and more fun while also helping to support Sporcle. Thank you for becoming a member.

You're not logged in!

Compare scores with friends on all Sporcle quizzes.
OR
Log In

Show Comments

Extras

Top Quizzes Today


Score Distribution

Your Account Isn't Verified!

In order to create a playlist on Sporcle, you need to verify the email address you used during registration. Go to your Sporcle Settings to finish the process.

Report this User

Report this user for behavior that violates our Community Guidelines.

Details: